Statistics for Biggest Religion by Country - with Map

Click here to take the quiz!

General Stats

  • This quiz has been taken 4,758 times
  • The average score is 166 of 196

Answers on the Map

Answers color-coded by a green-red scale on the quiz's map according to % correct below.
 

Answer Stats

CountryReligion% Correct
LesothoRoman Catholic or Protestant
96%
Andorra | Argentina | Austria | +63 othersRoman Catholic
95%
India | Mauritius | Nepal | SurinameHinduism
91%
Denmark | Finland | Iceland | +5 othersProtestant
90%
Belarus | Bulgaria | RomaniaEastern Orthodox
89%
Georgia | Moldova | MontenegroOrthodox
89%
Bahamas | Ghana | Guyana | +9 othersProtestant
89%
Cyprus | GreeceGreek Orthodox
88%
Antigua and Barbuda | Barbados | Botswana | +9 othersProtestant
88%
RussiaRussian Orthodox
88%
LebanonSunni Islam or Shia Islam
88%
EthiopiaEthiopian Orthodox
87%
MacedoniaMacedonian Orthodox
87%
UkraineOrthodox
87%
SerbiaSerbian Orthodox
87%
Afghanistan | Albania | Algeria | +43 othersSunni Islam
86%
Bhutan | TaiwanBuddhism
85%
Laos | Mongolia | Myanmar | +3 othersBuddhism
84%
CambodiaBuddhist
84%
Azerbaijan | Iran | IraqShia Islam
83%
JapanShintoism
65%
IsraelJewish
61%
ChinaFolk religion / unaffiliated
49%
Australia | Czech Republic | Estonia | +8 othersirreligious
41%
Angola | Central African Republic | Madagascar | Togoindigenous beliefs
31%
ArmeniaArmenian Apostolic Church
30%
OmanIbadi Islam
23%
SwazilandZionist
8%

Score Distribution

Percentile by Number Answered

Percent of People with Each Score

Your Score History

You have not taken this quiz